| 000 | 01072nam a2200253Ia 4500 | ||
|---|---|---|---|
| 001 | u12533 | ||
| 003 | SIRSI | ||
| 005 | 20180220093643.0 | ||
| 008 | 000530s1999 fr a b 101 o eng d | ||
| 020 | _a2950653634 | ||
| 020 | _a2950653642 | ||
| 039 | 9 |
_a200311301049 _bnehal _y200203190952 _zload |
|
| 050 |
_aSB933.27 _bS95 1999 |
||
| 111 | 2 |
_aSymposium for Applied Biological Control in Mediterranean Countries _d(1998 : _cCairo, Egypt) |
|
| 245 | 1 | 0 |
_aProceedings of the first regional symposium for applied biological control in Mediterranean Countries, Cairo, Egypt, 25th-29th October 1998 / _cedited by Michel Canard and Valerie Beyssat-Arnaouty. |
| 246 | 3 | _aApplied biological control in Mediterranean Countries | |
| 260 |
_aToulouse, France : _b[s.l], _c1999. |
||
| 300 |
_a271 p. : _bill ; _c26 cm. |
||
| 504 | _aIncludes bibliographical references and index. | ||
| 596 | _a1 | ||
| 650 | 0 |
_aInsect Pests _xBiological control _vCongresses. |
|
| 942 |
_cBK _2lcc |
||
| 999 |
_c20956 _d20956 |
||